000 00855nam a22002777a 4500
003 CHAP
005 20220817041854.0
008 971013s1978 r 00010 d
010 _a27216
011 _a28188
035 _a32290
040 _cCHAP
082 _a581.194
_bK4
100 0 0 _aKefeli, V. I.
_962895
245 _aNatural plant growth inhibitors and phytohormones
260 _aThe Hague :
_bJunk,
_c1978
300 _a277 p.
_b: ilus. ; gráfs.
590 _aBATCH-UPD
_b10
_c20130110
_lUCH01
_h1552
590 _aCONVERSION
_b10
_c20130109
_lUCH01
_h1316
650 1 4 _aHormonas vegetales.
650 1 4 _aPlantas
_xCrecimiento
_xAditivos.
_988804
901 _aBK
942 _cLIBRO
949 _a581.194 K4
_bBC
_cLIBRO
_d33724000538906
_eLIBRO
_h54979
_i32290
_si
949 _a581.194 K4
_bBC
_cLIBRO
_d33724002311371
_eLIBRO
_fc.2
_h54980
_i32290
_si
999 _c27216
_d27216